000 00470nam a22001817a 4500
005 20220929111504.0
008 220929b ||||| |||| 00| 0 eng d
020 _a9788184000139
040 _aIN-DiNC
_cIN-DiNC
041 _deng
082 _a823.954
_bDES
100 _aDesai, Anita
_eauthor
245 _aIn custody/
_cby Anita Desai
260 _aGurugram:
_bPenguin books,
_c2019.
300 _axii, 236p.
650 _aIndian novel in English
942 _2ddc
_cBK
999 _c11412
_d11412